Famous World Leaders since 1975 - Nichole - Statistics

General Stats
  • This quiz has been taken 30 times
  • The average score is 17 of 30
Answer Stats
Answer Hint % Correct
Obama (2008) Country: United States Party: Democratic First African American president, promoted healthcare reform and economic recovery.
85%
Clinton (1992) Country: United States Party: Democratic Oversaw economic growth and implemented social reforms.
81%
Putin (2000) Country: Russia Party: United Russia Dominant figure in Russian politics for decades.
81%
Carter (1976) Country: United States Party: Democratic Advocated for human rights and international peace.
78%
Castro (1959) Country: Cuba Party: Communist Party Revolutionary leader who shaped modern Cuba.
78%
Gorbachev (1985) Country: Soviet Union Party: Communist Party Introduced reforms that led to the end of the Cold War.
78%
Reagan (1980) Country: United States Party: Republican Former actor turned president, advocated for conservative policies.
78%
Thatcher (1979) Country: United Kingdom Party: Conservative First female British Prime Minister, known as the "Iron Lady."
78%
Francis (2013) Country: Vatican City Party: Non-political (Catholic Church) First pope from the Americas, emphasizes humility and social justice.
74%
Johnson (2019) Country: United Kingdom Party: Conservative Key figure in Brexit and pandemic response.
74%
Merkel (2005) Country: Germany Party: Christian Democratic Union Long-serving chancellor known for her pragmatic leadership.
74%
Trudeau (2015) Country: Canada Party: Liberal Promoted progressive policies and diversity.
74%
Blair (1997) Country: United Kingdom Party: Labour Led Britain through modernization and global conflicts.
67%
Erdogan (2003) Country: Turkey Party: Justice and Development Party (AKP) Transformed Turkish politics and expanded presidential powers.
67%
Gandhi (1966, 1980) Country: India Party: Indian National Congress First female Indian PM, known for her strong leadership.
67%
Mandela (1994) Country: South Africa Party: African National Congress Anti-apartheid revolutionary, first Black president of South Africa.
67%
Allende (1970) Country: Chile Party: Socialist Party First Marxist to become president in a democratic election.
56%
Chavez (1999) Country: Venezuela Party: United Socialist Party Pioneered "Chavismo" and led major reforms.
56%
Modi (2014) Country: India Party: Bharatiya Janata Party Promoted economic reform and nationalism.
56%
Meir (1969) Country: Israel Party: Alignment First female Israeli PM, known for her strong-willed leadership.
52%
Abe (2006, 2012) Country: Japan Party: Liberal Democratic Party Longest-serving PM, focused on economic reform.
48%
Jinping (2012) Country: China Party: Communist Party Centralized power and expanded China's global influence.
48%
Bolsonaro (2018) Country: Brazil Party: Social Liberal Party Controversial leader with a populist agenda.
44%
Mitterrand (1981) Country: France Party: Socialist Party Longest-serving French president of the 20th century.
41%
Ardern (2017) Country: New Zealand Party: Labour Known for compassionate leadership, especially during crises.
33%
Kyi (2016) Country: Myanmar Party: National League for Democracy Nobel laureate, but controversial for later actions.
33%
Yew (1959) Country: Singapore Party: People's Action Party Founding father of modern Singapore, though authoritarian.
19%
Marcon (2017) Country: France Party: La République En Marche! Youngest French president in history, pro-EU stance.
15%
Ahmed (2018) Country: Ethiopia Party: Prosperity Party Nobel laureate for efforts in peace and reconciliation.
11%
Sirleaf (2006) Country: Liberia Party: Unity Party First elected female head of state in Africa.
7%
No matching quizzes found
Score Distribution
Percent of People with Each Score
Percentile by Number Answered
Your Score History
You have not taken this quiz